| 000 | 00485cam a2200181 a 4500 | ||
|---|---|---|---|
| 001 | 4712503 | ||
| 005 | 20240206063255.0 | ||
| 008 | 831129m19821983ii a b 001 0 eng | ||
| 040 |
_aDLC _cDLC _dDLC _dOCoLC _dDLC |
||
| 082 | 0 | 0 |
_a306. _219 _bTRI. |
| 245 | 0 | 0 |
_aTribal movements in India / _cedited by K.S. Singh. |
| 260 |
_aNew Delhi : _bManohar, _c1982-1983. |
||
| 300 | _a v 1. : | ||
| 500 | _aMaps on lining papers. | ||
| 650 | 0 | _aEthnicity | |
| 700 | 1 |
_aSingh, K. S., _eedt |
|
| 942 | _cL | ||
| 999 |
_c320 _d320 |
||